00615nam a22001937a 4500999001900000005001700019010001500036020001100051035001400062037001300076082000600089100001400095245003800109260005000147270005600197300002000253942002000273952012800293 c190235d19023520220720172451.0 aENG-133370 c100.00 aEN-116902 bDBAD/PUB aN aRagi, Sri aNarayana And His Uncle/cSri Ragi aAndhra PradeshbSri Krishna Publicationc2015 a87/395, kamalanagar B-Camp, KurnoolbAndhra Pradesh a76p.c21cm(pbk) 2ddccENhNmRAG 001040708NFICaBNbBNd2022-07-20eDBAD/PUBg100.00l2oN RAGpEN-116902r2024-05-03 00:00:00s2024-04-12t1v100.00yEN